000 00721cab a2200229 4500
001 WB3137-37
008 090401t1995 xxu||||| |||| 00| 0 eng d
035 _a(Sirsi) u16580
041 _aeng
245 _aLandlords hope to regain power
260 _c1995
350 _a0
490 _aIrish Times
_v4 October 1995, 25(2)
520 _aDiscussion on the balance of power between office landlords and tenants in Ireland, including the growing use of short leases.
650 _aEUROPE
650 _aIRELAND
650 _aPROPERTY-COMMERCIAL PROPERTY-OFFICE PROPERTY-OFFICE PROPERTY MARKET
650 _aSHORT LEASES
690 _aLANDLORD AND TENANT-BUSINESS TENANCIES
942 _n0
948 _c04/03/1997
999 _c10934
_d10934